=LDR 00000nam 2200000 4500 =001 INLIS000000000050307 =005 20170427110031 =035 ##$$a 0010-0417000122 =007 ta =008 170427###########################0###### =020 ##$$a 978 - 602 - 9212 - 65 - 5 =082 ##$$a 612.65 =084 ##$$a 612.65 GRO =245 ##$$a Growing up : Usia Tujuh - Sembilan Tahun =250 ##$$a Cet.1 =260 ##$$a Solo :$b Tiga Serangkai,$c 2012 =300 ##$$a xii,212 hlm. : $b Ilus ; $c 19 cm. =650 ##$$a Tumbuk Kembang Anak =990 ##$$a 74947494 =990 ##$$a 74947494 =990 ##$$a 31700053 =990 ##$$a 02201707494 =990 ##$$a 31700054 =990 ##$$a 31700053